000 01294nji a22003017a 4500
005 20100914112131.0
006 a|||||r|||||00| 0
007 sd ammalaaahaa
008 100830t xxu||||| |||| 00| 0 eng d
028 _a6284 010
_bPolydor
035 _aGR-02333
040 _aSED
_cSED
100 _917455
_aMangeshkar, Lata
245 _aGeeta mera naam /
_cby Laxmi Films ; sung by Mohd. Rafi [and] Lata Mangeshkar ; lyrics by Rajendra Krishan ; music by Laxmikant Pyarelal
_h[sound recording] :
246 _aगीता मेरा नाम
260 _aDum Dum, India
_bPolydor
_c1973
300 _a1 sound disc [Gramophone Recording]:
_banalog, 45 1/3 rpm
_c7.5 in. (SP)
_fGramophone Record
500 _aBrief Record
500 _aRecord labels :Polydor, Blue
505 _aSide-१ लहू को लहू पुकारेगा (Lahoo ko lahoo pukarega) (Mohd. Rafi) Side-२ सुनिए जरा देखिये न (Suniye zara dekhiye na) (Lata Mangeshkar)
600 _2Mangeshkar, Lata
650 _aHindi Film
_zIndia
_91186
_xExcerpts
700 _917416
_aPyarelal, Laxmikant
700 _917456
_aKrishan, Rajendra
700 _919862
942 _2ddc
_cGR
999 _c45598
_d45598